Holiday Quiz

Random Holiday or Christmas Quiz

Name That Christmas Song! (Audio Quiz) Stats

 Plays Quiz not verified by Sporcle

Challenge
Share
Tweet
Score 0/45 Timer 15:00
0 Plays Today
Time Song Title % Correct
0:11 - 0:20Let It Snow! Let It Snow! Let It Snow!
96.9%
0:52 - 1:03All I Want For Christmas is You
86.7%
0:21 - 0:30Rockin' Around the Christmas Tree
86.6%
1:16 - 1:27Santa Baby
82%
1:51 - 2:02Santa Claus is Coming to Town
81.3%
4:52 - 5:01Jingle Bells
80.7%
0:00 - 0:10Have Yourself a Merry Little Christmas
79.8%
5:43 - 5:53Jingle Bell Rock
77%
0:41 - 0:51Blue Christmas
76.8%
6:50 - 7:00Winter Wonderland
76.7%
5:13 - 5:21Frosty the Snowman
75.7%
6:05 - 6:15Last Christmas
73.4%
2:14 - 2:24I Saw Mommy Kissing Santa Claus
72.1%
2:37 - 2:47The Christmas Song (Chestnuts Roasting)
72%
7:01 - 7:13Rudolph the Red-Nosed Reindeer
71.1%
3:23 - 3:33It's the Most Wonderful Time of the Year
70.1%
1:28 - 1:40The Chipmunk Song (Christmas Don't Be Late)
68.6%
5:54 - 6:04Baby, It's Cold Outside
67.7%
3:54 - 4:06Feliz Navidad
66.2%
4:41 - 4:51It's Beginning to Look a Lot Like Christmas
65.6%
1:04 - 1:15Silver Bells
65.4%
2:03 - 2:13Sleigh Ride
63.7%
3:00 - 3:10Happy Xmas (War is Over)
61%
Time Song Title % Correct
3:11 - 3:22Grandma Got Run Over By a Reindeer
61%
7:35 - 7:45White Christmas
60.2%
8:08 - 8:20Wonderful Christmastime
57.5%
6:16 - 6:26Little Saint Nick
55.3%
3:34 - 3:43Do You Hear What I Hear?
55%
3:44 - 3:53Do They Know Its Christmas?
54.1%
7:24 - 7:34Here Comes Santa Claus
49.4%
7:57 - 8:07Run Rudolph Run
44.9%
6:27 - 6:38I'll Be Home For Christmas
41.3%
4:07 - 4:18I Want a Hippopotamus for Christmas
36.2%
2:25 - 2:36Fairytale Of New York
34.7%
7:14 - 7:23Christmas (Baby Please Come Home)
34.2%
0:31 - 0:40Mary's Boy Child – Oh My Lord
33.5%
6:39 - 6:49Walking in the Air
31.5%
1:41 - 1:50Mistletoe and Wine
29.8%
5:02 - 5:12Driving Home for Christmas
27.3%
4:30 - 4:40I Wish it Could be Christmas Everyday
25.5%
7:46 - 7:56Merry Xmas Everybody
22.4%
2:48 - 2:59Christmas in Hollis
22%
5:33 - 5:42Christmas Wrapping
21.1%
5:22 - 5:32I Believe in Father Christmas
12.7%
4:19 - 4:29Father Christmas
8%

You're not logged in!

Compare scores with friends on all Sporcle quizzes.
OR
Log In

You Might Also Like...

Show Comments

Extras

Top Quizzes Today


Score Distribution

Your Account Isn't Verified!

In order to create a playlist on Sporcle, you need to verify the email address you used during registration. Go to your Sporcle Settings to finish the process.

Report this User

Report this user for behavior that violates our Community Guidelines.

Details: